[Event "Olympiad Women 2024"]
[Site "Budapest HUN"]
[Date "2024.09.15"]
[Round "5.20"]
[Board "4"]
[White "Lyon, Hannah Jane"]
[Black "Schloffer, Jasmin-Denise"]
[Result "0-1"]
[WhiteElo "1797"]
[BlackElo "2168"]
[PlyCount "66"]
[EventDate "2024.09.11"]
[WhiteTeam "Luxembourg"]
[BlackTeam "Austria"]
[WhiteTeamCountry "LUX"]
[BlackTeamCountry "AUT"]

1. d4 Nf6 2. c4 e6 3. g3 d5 4. Nf3 Bb4+ 5. Bd2 Bd6 6. Bg2 O-O 7. Qc2 c6 8. O-O Ne4 9. Rd1 Nd7 10. a3 $146 ({RR} 10. Bc1 Qe7 11. Nc3 f5 12. b3 b6 13. cxd5 exd5 14. e3 Bb7 15. Bb2 Rac8 16. Qd3 Ndf6 17. Ne2 Ng4 18. Rf1 c5 19. Rac1 c4 20. Qd1 b5 21. h3 Ngf6 22. Ne5 Nd7 23. f3 Nef6 24. f4 Ne4 {0-1 Inarkiev,E (2688)-Gelfand,B (2759) Sochi Tal Memorial Blitz 2014 (19)}) ({RR} 10. Nc3 f5 11. e3 Qe7 12. Ne2 Nxd2 13. Rxd2 Nf6 14. Rdd1 Bd7 15. Nf4 Be8 16. a3 Ne4 17. Ne5 g5 18. Nfd3 h5 19. b4 Kh8 20. f3 Nf6 21. a4 Bxb4 22. Nxb4 Qxb4 23. Rab1 Qe7 24. a5 Rc8 {1-0 Topalov,V (2813)-Ponomariov,R (2727) Zuerich Champions rap rapid 2009 (6)}) ({RR} 10. Bf4 Bxf4 11. gxf4 Qf6 12. e3 Qg6 13. Nbd2 f5 14. Ne5 Nxe5 15. dxe5 Nxd2 16. Rxd2 Bd7 17. Qb3 b6 18. Kh1 Kh8 19. Qa3 Qf7 20. Rc1 Rfd8 21. c5 Qe7 22. Qb4 Rg8 23. Qd4 Rab8 24. b4 h6 {0-1 Sarabando,R (2061)-Harshavardhan,G (2425) 3rd Leca Chess Open 2024 (1.11)}) ({RR} 10. Nc3 f5 11. Bf4 Qe7 12. Bxd6 Nxd6 13. c5 Ne4 14. e3 b6 15. cxb6 axb6 16. Nxe4 fxe4 17. Qxc6 exf3 18. Qxa8 fxg2 19. Rac1 Qe8 20. Rc7 b5 21. Rdc1 Qf7 22. f4 Qh5 23. Rxc8 Qe2 24. Rxf8+ Nxf8 {1-0 Ewert,H (2312)-Reuker,J (2338) GER-ch U18 Willingen 2018 (9)}) 10... a5 11. Nc3 f5 12. Rab1 Qe7 13. c5 Bc7 14. b4 e5 15. b5 exd4 16. Nxe4 fxe4 17. Nxd4 Qf6 18. Be1 Be5 19. e3 Bc7 20. Bc3 Ne5 21. Qa2 Kh8 22. Rf1 Qh6 23. Qd2 Bh3 24. f3 Nc4 25. Qe2 Bxg2 26. Kxg2 Nxe3+ 27. Kg1 Nxf1 28. Rxf1 exf3 29. Qe7 Rfe8 30. Qxc7 Qe3+ 31. Kh1 Qxc3 32. Nf5 Re1 33. Kg1 Rae8 0-1

[Event "Olympiad Women 2024"]
[Site "Budapest HUN"]
[Date "2024.09.15"]
[Round "5.21"]
[Board "1"]
[White "Mihok-Juhasz, Barbara"]
[Black "Ortiz Verdezoto, Anahi"]
[Result "1/2-1/2"]
[WhiteElo "2193"]
[BlackElo "2229"]
[PlyCount "89"]
[EventDate "2024.09.11"]
[WhiteTeam "Hungary B"]
[BlackTeam "Ecuador"]
[BlackTeamCountry "ECU"]

1. e4 e5 2. Nc3 Nf6 3. Bc4 d6 4. f4 c6 5. d3 Be7 6. Nf3 exf4 7. Bxf4 O-O 8. Bb3 Be6 ({RR} 8... Na6 9. d4 Be6 10. O-O Bxb3 11. axb3 d5 12. exd5 Nxd5 13. Nxd5 Qxd5 14. c3 Rae8 15. b4 Bd8 16. Qd2 {½-½ Pilgaard,K (2437)-Janev,E (2511) Erandio op 11th 2002 (8.1)}) 9. O-O d5 10. Qe1 Nbd7 $146 ({RR} 10... dxe4 11. dxe4 Na6 12. Kh1 Nc5 13. Rd1 Qb6 14. e5 Nfd7 15. Qg3 Kh8 16. Nd4 Rad8 17. Bg5 Bxg5 18. Qxg5 Bxb3 19. axb3 f6 20. exf6 Nxf6 21. Nf5 Ne6 22. Qg3 Rxd1 23. Rxd1 Qc5 24. Ne3 b5 25. Ng4 {0-1 Anton Guijarro,D (2574)-Ostovic,M (2298) EU-ch U18 23rd 2013 (5)}) 11. d4 dxe4 12. Nxe4 Bxb3 13. axb3 Re8 14. Nxf6+ Bxf6 15. Qb4 Re4 16. Bg3 Nb6 17. c3 Re2 18. Rf2 Re7 19. Qa5 Qe8 20. h3 Nd5 21. c4 Ne3 22. Re1 b6 23. Qd2 Nf5 24. Be5 Bxe5 25. Nxe5 Nd6 26. Rfe2 f6 27. Nf3 Rxe2 28. Rxe2 Qd7 29. Qf4 Nf5 30. g4 Ne7 31. Kf2 a5 32. Qe4 Ra7 33. Kg2 h6 34. Nh4 b5 35. Nf3 bxc4 36. bxc4 Rb7 37. Kf2 Qd6 38. Kg2 Kf7 39. Rf2 Rb3 40. Ne5+ Kg8 41. Nf3 Qb4 42. Qe6+ Kh7 43. Qe4+ Kg8 44. Qe6+ Kh7 45. Qe4+ 1/2-1/2

[Event "Olympiad Women 2024"]
[Site "Budapest HUN"]
[Date "2024.09.15"]
[Round "5.21"]
[Board "2"]
[White "Wagenschuetz, Evelyn"]
[Black "Karacsonyi, Kata"]
[Result "0-1"]
[WhiteElo "2036"]
[BlackElo "2233"]
[PlyCount "94"]
[EventDate "2024.09.11"]
[WhiteTeam "Ecuador"]
[BlackTeam "Hungary B"]
[WhiteTeamCountry "ECU"]

1. e4 c5 2. Nf3 e6 3. d4 cxd4 4. Nxd4 Nf6 5. Nc3 Nc6 6. Bg5 h6 7. Be3 Bb4 8. Nxc6 bxc6 9. Bd3 d5 10. e5 $146 ({RR} 10. Bd4 dxe4 11. Bxf6 Qxf6 12. Bxe4 Bxc3+ 13. bxc3 Qxc3+ 14. Kf1 Ba6+ 15. Bd3 Rd8 16. Ke2 Qe5+ 17. Kf3 Rd4 18. g3 c5 19. Qb1 O-O 20. Re1 Qd5+ 21. Ke3 c4 {0-1 Flaisigova,P-Klundt,K (2340) Staufer op 08th 1996 (1)}) ({RR} 10. O-O d4 11. e5 dxc3 12. exf6 cxb2 13. fxg7 bxa1=Q 14. Qxa1 Rg8 15. Bh7 Ke7 16. Rd1 Qe8 17. Bxg8 Qxg8 18. Qd4 Rb8 19. Bxh6 Rb5 20. Bf4 e5 21. Qd8+ Qxd8 22. Rxd8 Bd2 23. h3 Bxf4 24. Rd1 Bg4 {0-1 Kunz,A (2184)-Materia,M (2456) Titled Tue 14th May Early 2024 (2)}) ({RR} 10. exd5 cxd5 11. Bb5+ Bd7 12. Bxd7+ Qxd7 13. Qd4 Bxc3+ 14. Qxc3 O-O 15. O-O Rfc8 16. Qd3 Qc6 17. c3 Qc4 18. Qxc4 Rxc4 19. Bd4 a6 20. f3 Kf8 21. g4 Ne8 22. b3 Rc6 23. a4 f6 24. f4 Nd6 {½-½ Van Foreest,M (1592)-Kornilov,A (1653) Heusenstamm Sparkassen op-A 2nd 2015 (6)}) 10... d4 11. Bd2 Nd7 12. Ne2 Bxd2+ 13. Qxd2 Nxe5 14. O-O O-O 15. Nxd4 c5 16. Nb5 Ba6 17. a4 Bxb5 18. axb5 c4 19. Qe3 cxd3 20. Qxe5 dxc2 21. Qe2 Qc7 22. Rfc1 Rfc8 23. Ra3 Qc4 24. Kf1 Qf4 25. Rxc2 Qxh2 26. Rh3 Qf4 27. Rhc3 Rd8 28. Rc7 Qh2 29. f3 Qh1+ 30. Kf2 Qh4+ 31. Kf1 Qh1+ 32. Kf2 Qh4+ 33. Kf1 Rab8 34. Rxa7 Qh1+ 35. Kf2 Qh4+ 36. Kf1 Qh1+ 37. Kf2 Qh4+ 38. Kf1 Rxb5 39. Rd2 Qh1+ 40. Kf2 Qh4+ 41. Kf1 Rxd2 42. Qxd2 Qh1+ 43. Kf2 Qb1 44. Qd8+ Kh7 45. Rxf7 Rxb2+ 46. Ke3 Qc1+ 47. Ke4 Re2+ 0-1

[Event "Olympiad Women 2024"]
[Site "Budapest HUN"]
[Date "2024.09.15"]
[Round "5.21"]
[Board "3"]
[White "Demeter, Dorina"]
[Black "Vasquez Ramirez, Rocio"]
[Result "1-0"]
[WhiteElo "2199"]
[BlackElo "1981"]
[PlyCount "53"]
[EventDate "2024.09.11"]
[WhiteTeam "Hungary B"]
[BlackTeam "Ecuador"]
[BlackTeamCountry "ECU"]

1. Nf3 Nf6 2. c4 c6 3. d4 d5 4. Nc3 e6 5. e3 Nbd7 6. Qc2 Bb4 7. Bd3 Nb6 ({RR} 7... dxc4 8. Bxc4 b5 9. Be2 Bb7 10. O-O a6 11. a3 Be7 12. b4 a5 13. Rb1 axb4 14. axb4 Nd5 15. Nxd5 exd5 16. Bd3 g6 17. e4 dxe4 18. Bxe4 Rc8 19. Bh6 Nf6 20. Rfe1 Ng4 21. Bg7 Rg8 22. Be5 {1-0 Martinovic,S (2449)-Milchev,N (2415) Nis Mediana 2008 (10)}) ({RR} 7... h6 8. a3 Bxc3+ 9. Qxc3 O-O 10. O-O dxc4 11. Bxc4 Nb6 12. Bd3 Nbd5 13. Qd2 Nd7 14. b4 a6 15. Bb2 b6 16. e4 N5f6 17. Rac1 Bb7 18. Bb1 Qe7 19. Qd3 Nh5 20. e5 g6 21. Qe3 Kg7 22. g4 {1-0 Firtsev,A-Shulakov,Y SFO-ch Seniors 2013 (6)}) 8. cxd5 $146 ({RR} 8. c5 Nbd7 9. O-O Ba5 10. Rb1 Bc7 11. b4 a6 12. a4 e5 13. dxe5 Nxe5 14. Nxe5 Bxe5 15. f4 Bxc3 16. Qxc3 O-O 17. Bb2 Ne8 18. e4 dxe4 19. Bxe4 f5 20. Bc2 Kh8 21. Rbe1 Qc7 22. Rf3 Nf6 {1-0 Bes,M (1935)-Dzikowski,M (1624) Wroclaw Golden Peak 2010 (3.1)}) 8... exd5 9. O-O O-O 10. Bd2 c5 11. dxc5 Bxc5 12. Nb5 Qe7 13. Rac1 Nbd7 14. Nfd4 g6 15. Nb3 Bb6 16. a3 a5 17. Nc7 Ra7 18. Nd4 Ne5 19. Ndb5 Nfg4 20. h3 Qh4 21. Be2 d4 22. exd4 Bf5 23. Qd1 Nxf2 24. Rxf2 Bxh3 25. gxh3 Bxd4 26. Nxd4 Qxd4 27. Nb5 1-0

[Event "Olympiad Women 2024"]
[Site "Budapest HUN"]
[Date "2024.09.15"]
[Round "5.21"]
[Board "4"]
[White "Guerrero Caicedo, Arlette"]
[Black "Terbe, Zsuzsanna"]
[Result "1/2-1/2"]
[WhiteElo "1868"]
[BlackElo "2168"]
[PlyCount "209"]
[EventDate "2024.09.11"]
[WhiteTeam "Ecuador"]
[BlackTeam "Hungary B"]
[WhiteTeamCountry "ECU"]

1. d4 d5 2. Nf3 Nf6 3. g3 Bf5 4. c4 e6 5. Nc3 c6 6. Nh4 dxc4 7. Nxf5 exf5 8. a4 $146 ({RR} 8. e3 Nbd7 9. Bxc4 Nb6 10. Bb3 g6 11. O-O Bg7 12. Qf3 O-O 13. Rd1 Nbd5 14. Bd2 Qd7 15. Rac1 Rad8 16. a3 Rfe8 17. Rc2 h5 18. h4 Qe7 19. Rdc1 Bh6 20. Nxd5 Nxd5 21. Rc5 Nf6 22. Ba5 Qe4 {1-0 Terbe,J (2285)-Koubova,A (2161) Vienna (Women) 2022 (1)}) ({RR} 8. e3 Bd6 9. Bxc4 O-O 10. Qf3 g6 11. h3 h5 12. Bd2 Qe7 13. O-O-O Nbd7 14. Rde1 b5 15. Bb3 b4 16. Ne2 c5 17. Kb1 Qe4+ 18. Qxe4 Nxe4 19. Bc1 Nxf2 20. Rh2 Ne4 21. Rg2 Rac8 22. g4 fxg4 {1-0 Sielecki,C (2403)-Mikhailovsky,V (2215) Titled Tue 9th Apr Early 2024 (2)}) 8... Bb4 9. Bg2 O-O 10. O-O Nbd7 11. Qc2 g6 12. Rd1 Nb6 13. Bg5 Be7 14. Nb1 a5 15. Na3 Nfd5 16. Bxe7 Qxe7 17. Nxc4 Nxc4 18. Qxc4 Rfd8 19. e3 h5 20. Re1 Kg7 21. e4 fxe4 22. Rxe4 Qb4 23. b3 Rd7 24. Re2 Rad8 25. Bxd5 Rxd5 26. Qxb4 axb4 27. Rd1 Rxd4 28. Rxd4 Rxd4 29. Re7 Rd3 30. Rxb7 Rxb3 31. a5 c5 32. a6 Ra3 33. a7 b3 34. Rxb3 Rxa7 35. Kg2 c4 36. Rc3 Rc7 37. Kf3 Kf6 38. Ke4 Kg5 39. h3 Kf6 40. Kd5 g5 41. Rf3+ Kg6 42. Rc3 Rd7+ 43. Ke4 f5+ 44. Ke3 Re7+ 45. Kd2 Rc7 46. Ke3 h4 47. gxh4 gxh4 48. f4 Re7+ 49. Kf3 Re4 50. Ra3 Kf6 51. Ra6+ Re6 52. Ra8 Rc6 53. Ke2 c3 54. Kd1 c2+ 55. Kc1 Rc4 56. Ra6+ Ke7 57. Rh6 Rxf4 58. Kxc2 Kf7 59. Kd2 Kg7 60. Ra6 Rf3 61. Ke2 Rxh3 62. Kf2 Rg3 63. Rb6 Rg6 64. Rb4 Rg4 65. Rb6 h3 66. Rb3 Rh4 67. Kg1 h2+ 68. Kh1 Kf6 69. Ra3 Kg5 70. Ra5 Rh6 71. Ra8 Kf4 72. Ra4+ Kg5 73. Ra8 Kg4 74. Rg8+ Kf4 75. Ra8 Rh5 76. Ra4+ Kg5 77. Ra8 Kg4 78. Ra4+ f4 79. Rb4 Rh8 80. Ra4 Rh3 81. Ra8 Rb3 82. Rg8+ Kf5 83. Kxh2 Rb2+ 84. Kg1 Ke4 85. Ra8 Re2 86. Kf1 Kf3 87. Ra3+ Re3 88. Ra8 Rb3 89. Kg1 Rb1+ 90. Kh2 Re1 91. Rb8 Kf2 92. Rf8 f3 93. Rb8 Re3 94. Rb1 Re2 95. Ra1 Rd2 96. Rb1 Rc2 97. Ra1 Re2 98. Rb1 Re8 99. Rb2+ Ke3 100. Rb3+ Ke2 101. Rb2+ Kf1 102. Kg3 Re2 103. Rb1+ Re1 104. Rxe1+ Kxe1 105. Kxf3 1/2-1/2

[Event "Olympiad Women 2024"]
[Site "Budapest HUN"]
[Date "2024.09.15"]
[Round "5.22"]
[Board "1"]
[White "Bulmaga, Irina"]
[Black "Sulyok, Eszter"]
[Result "1-0"]
[WhiteElo "2406"]
[BlackElo "2080"]
[PlyCount "67"]
[EventDate "2024.09.11"]
[WhiteTeam "Romania"]
[BlackTeam "Hungary C"]
[WhiteTeamCountry "ROU"]

1. e4 e5 2. Nf3 Nc6 3. Bb5 a6 4. Ba4 Nf6 5. d3 d6 6. c3 Be7 7. O-O O-O 8. Re1 Bg4 9. Nbd2 Nd7 10. h3 Bh5 11. Nf1 b5 ({RR} 11... Bxf3 12. Qxf3 Bg5 13. Ne3 g6 14. g3 Nc5 15. Bc2 h5 16. h4 Bh6 17. b4 Ne6 18. Bb3 Kh7 19. a4 Ne7 20. Bb2 Ng8 21. d4 Bg7 22. Rad1 Qe8 23. Nd5 c6 24. Nb6 Rd8 25. d5 Nc7 26. dxc6 {0-1 Firouzja,A (2728)-Naroditsky,D (2621) Katara Bullet Final blitz 2020 (3.7)}) ({RR} 11... Nb6 12. Bb3 Bf6 13. Ng3 Bg6 14. d4 Re8 15. d5 Ne7 16. Be3 Rc8 17. Rc1 Na8 18. c4 c6 19. Qd2 c5 20. Bc2 b5 21. Bd3 Rb8 22. Rb1 b4 23. a3 a5 24. axb4 axb4 25. Ra1 Qb6 26. b3 {1-0 Wastney,D (1901)-Darbost,F (1615) British Rapidplay 2024 (9.82)}) 12. Bc2 Nb6 $146 ({RR} 12... Kh8 13. Ng3 Bxf3 14. Qxf3 Bg5 15. Nf5 g6 16. Ne3 Nf6 17. g3 Ng8 18. h4 Bh6 19. Kg2 Qf6 20. Qd1 Qg7 21. h5 Nce7 22. d4 Rad8 23. Nd5 Bxc1 24. Rxc1 c5 25. Rh1 exd4 26. h6 Qe5 27. f4 {½-½ Guerrero Rodriguez,A (2072)-Dedijer,S (2036) Olympiad Women-40 2012 (6.3)}) ({RR} 12... Na5 13. g4 Bg6 14. Ng3 c5 15. Kg2 Bh4 16. Nxh4 Qxh4 17. Qf3 b4 18. Nf5 Bxf5 19. exf5 Qe7 20. g5 Rab8 21. Re4 f6 22. cxb4 cxb4 23. Rg4 Nc5 24. Qd5+ Kh8 25. g6 Qb7 26. Qxb7 Rxb7 27. Bd1 {1-0 Vicas,M (2183)-Jonkus,L (1841) Klaipeda Sea op-A 15th 2018 (2)}) 13. Ng3 Bg6 14. Qe2 Qc8 15. a3 Bf6 16. Be3 Rd8 17. Bb3 Na5 18. Ba2 c5 19. b4 Nb7 20. c4 Qc6 21. Nd2 bxc4 22. dxc4 cxb4 23. axb4 a5 24. c5 dxc5 25. bxc5 Nxc5 26. Rac1 Qa4 27. Nc4 Nbd7 28. Bxc5 Nxc5 29. Nb6 Qa3 30. Nxa8 Nd3 31. Ra1 Qc3 32. Red1 Bh4 33. Qe3 Qb2 34. Bc4 1-0

[Event "Olympiad Women 2024"]
[Site "Budapest HUN"]
[Date "2024.09.15"]
[Round "5.22"]
[Board "2"]
[White "Toth, Lili"]
[Black "Sandu, Mihaela"]
[Result "0-1"]
[WhiteElo "2105"]
[BlackElo "2248"]
[PlyCount "52"]
[EventDate "2024.09.11"]
[WhiteTeam "Hungary C"]
[BlackTeam "Romania"]
[BlackTeamCountry "ROU"]

1. e4 e5 2. Nf3 Nc6 3. Bc4 Bc5 4. O-O Nf6 5. d3 d6 6. c3 a6 7. Bb3 Ba7 8. Re1 h6 9. Nbd2 Be6 ({RR} 9... g5 10. Nf1 g4 11. N3d2 h5 12. Nc4 b5 13. Nce3 h4 14. Bd5 Nxd5 15. exd5 Ne7 16. Nxg4 Bxg4 17. Qxg4 Qd7 18. Qxd7+ Kxd7 19. c4 Nf5 20. Be3 Bd4 21. Re2 Rab8 22. Rb1 Rhg8 23. b3 Rg6 24. Rc1 {0-1 Amin,B (2710)-Fedoseev,V (2719) Wch Blitz St Petersburg 2018 (18)}) ({RR} 9... g5 10. Nf1 g4 11. N3d2 h5 12. Nc4 h4 13. Nce3 Rg8 14. g3 Nh7 15. Nd5 Be6 16. Ba4 b5 17. Bc2 Rg6 18. a4 Kf8 19. Qe2 Ne7 20. d4 c6 21. Nxe7 Qxe7 22. axb5 axb5 23. Be3 Bc4 24. Bd3 {1-0 Myagmarsuren,E (2078)-Eriksson,D (2253) 51st Rilton Cup 2023-24 (6.56)}) 10. Nf1 Qd7 11. d4 $146 ({RR} 11. Be3 O-O 12. Bxa7 Rxa7 13. a4 a5 14. Qc2 Raa8 15. Rad1 Bg4 16. Qe2 Nh5 17. Qe3 Rae8 18. h3 Be6 19. Bxe6 Qxe6 20. N1d2 Nf4 21. d4 Qg6 22. Nh4 Qg5 23. Ndf3 Nxh3+ 24. Kf1 Qxe3 25. Rxe3 Nf4 {0-1 Wang,W (2319)-Moradiabadi,E (2545) Dulles Cherry Blossom op 2019 (3)}) 11... Bxb3 12. axb3 O-O 13. Ng3 exd4 14. cxd4 Bb6 15. Bxh6 gxh6 16. Nf5 Kh7 17. Qd2 Ng8 18. Ng5+ Kh8 19. Nf3 Qd8 20. e5 dxe5 21. d5 Qf6 22. Ng3 Nd4 23. Nxe5 Nxb3 24. Qc3 Nxa1 25. Nh5 Qxf2+ 26. Kh1 Bd4 0-1

[Event "Olympiad Women 2024"]
[Site "Budapest HUN"]
[Date "2024.09.15"]
[Round "5.22"]
[Board "3"]
[White "Voicu-Jagodzinsky, Carmen"]
[Black "Gombocz, Zsofia"]
[Result "1-0"]
[WhiteElo "2271"]
[BlackElo "2061"]
[PlyCount "65"]
[EventDate "2024.09.11"]
[WhiteTeam "Romania"]
[BlackTeam "Hungary C"]
[WhiteTeamCountry "ROU"]

1. d4 d5 2. Nf3 Nf6 3. Bf4 c5 4. e3 e6 5. Nbd2 Nc6 6. c3 Bd6 7. Bg3 a6 8. Bd3 c4 ({RR} 8... Qe7 9. Ne5 Qc7 10. f4 Ne7 11. Bh4 b6 12. O-O Bb7 13. Qf3 h5 14. Rac1 b5 15. Qg3 Rg8 16. Qh3 Rh8 17. Qf3 Nf5 18. Bxf5 exf5 19. Bxf6 gxf6 20. Nd3 c4 21. Nf2 Qd7 22. Qh3 O-O-O 23. Nf3 {0-1 Grachev,B (2652)-Zubov,A (2601) EU-ch blitz Minsk 2015 (15.3)}) ({RR} 8... O-O 9. Ne5 Qc7 10. f4 g6 11. Qf3 Nh5 12. Bf2 Ng7 13. g4 f6 14. Nxc6 bxc6 15. dxc5 Bxc5 16. e4 Bxf2+ 17. Qxf2 e5 18. f5 gxf5 19. gxf5 Kh8 20. O-O-O Rb8 21. Rhg1 Rg8 22. Nb3 a5 23. Rg3 {1-0 Tari,A (2637)-Bambino Filho,A (2168) Titled Tue 2nd Jul Late 2024 (1)}) 9. Bc2 Qc7 10. e4 $146 ({RR} 10. Bxd6 Qxd6 11. e4 Nxe4 12. Nxe4 dxe4 13. Bxe4 Bd7 14. Qe2 Na5 15. Ne5 Rc8 16. Qf3 O-O 17. Bxb7 Rb8 18. Bxa6 f6 19. Nxd7 Qxd7 20. O-O Qd6 21. b4 cxb3 22. axb3 Nxb3 23. Ra2 Ra8 24. Qe2 Rfb8 {1-0 Spurny,A (1957)-Edes,Z (2065) Tatry op Tatranske Zruby 2010 (5)}) 10... dxe4 11. Nxe4 Nxe4 12. Bxe4 h6 13. O-O O-O 14. Bxd6 Qxd6 15. Re1 f5 16. Bxc6 Qxc6 17. Re5 Rd8 18. Qe2 Rd5 19. Re1 Bd7 20. Re3 Qc7 21. Ne5 Bb5 22. Ng6 e5 23. Nxe5 Rd6 24. f4 Rf6 25. h4 Rc8 26. h5 Be8 27. Ng4 Rf8 28. Re7 Qxf4 29. Qe6+ Kh8 30. Nf6 Bc6 31. d5 Bb5 32. Rf1 Qg3 33. Qxf5 1-0

[Event "Olympiad Women 2024"]
[Site "Budapest HUN"]
[Date "2024.09.15"]
[Round "5.22"]
[Board "4"]
[White "Nandin-Erdene, Davaademberel"]
[Black "Lehaci, Miruna-Daria"]
[Result "0-1"]
[WhiteElo "2039"]
[BlackElo "2180"]
[PlyCount "124"]
[EventDate "2024.09.11"]
[WhiteTeam "Hungary C"]
[BlackTeam "Romania"]
[BlackTeamCountry "ROU"]

1. e4 c5 2. Nf3 Nc6 3. d4 cxd4 4. Nxd4 Nf6 5. Nc3 d6 6. f3 e5 7. Nb3 Be7 8. Be3 O-O 9. Qd2 Be6 10. Nd5 a5 11. Bb6 Qd7 12. Bb5 Bd8 ({RR} 12... a4 13. Na5 Bd8 14. Bxd8 Raxd8 15. Bxa4 Kh8 16. O-O Qc8 17. Nxc6 bxc6 18. Nxf6 gxf6 19. Qh6 Rg8 20. Qxf6+ Rg7 21. Bb3 Re8 22. Rf2 Kg8 23. Qh6 d5 24. Qe3 d4 25. Qd2 c5 26. Bxe6 Rxe6 27. f4 {1-0 Malek,J (2435)-Anton Guijarro,D (2670) Titled Tue 16th Jan Early 2024 (4)}) 13. Bxd8 Qxd8 14. Nxf6+ Qxf6 $146 ({RR} 14... gxf6 15. Rd1 Qb6 16. c4 a4 17. Nc1 Nd4 18. Ne2 Nxb5 19. cxb5 Rfc8 20. Ng3 a3 21. Nh5 Kf8 22. b3 Ke7 23. Rf1 Rg8 24. Rf2 Rad8 25. Qh6 Rg6 26. Qc1 Qa5+ 27. Kf1 Qxb5+ 28. Kg1 Qc5 29. Qb1 {0-1 Minhazuddin,A (2251)-Rahman,Z (2464) 47th ch-Bangahbandhu 2022 (11.4)}) 15. Bxc6 bxc6 16. Nxa5 c5 17. O-O Qd8 18. b4 Qb6 19. Kh1 cxb4 20. Nb3 Rfc8 21. f4 exf4 22. Nd4 Qc5 23. Nxe6 fxe6 24. Qxf4 Rf8 25. Qg4 Qc4 26. Kg1 e5 27. Qd7 Qd4+ 28. Kh1 Rf6 29. Qb5 Raf8 30. Rfe1 Rf2 31. Rad1 Qc3 32. Qd5+ Kh8 33. Qd3 Qxd3 34. cxd3 Rxa2 35. Rb1 Rb8 36. Rb3 Ra3 37. Reb1 Rxb3 38. Rxb3 Kg8 39. Kg1 Kf7 40. Kf2 Ke6 41. Ke3 Kd7 42. d4 Kc6 43. Kd3 Kb5 44. dxe5 dxe5 45. Kc2 Kc4 46. Rg3 Rb7 47. Rf3 Kd4 48. Kb3 Kxe4 49. Rh3 g6 50. Rf3 Kd4 51. Rf8 e4 52. Rd8+ Ke3 53. g4 Kf2 54. Rf8+ Ke2 55. h4 e3 56. h5 gxh5 57. gxh5 Kd2 58. Rd8+ Ke1 59. Re8 e2 60. Re6 Rf7 61. Kc2 Kf2 62. Kd2 Rd7+ 0-1

[Event "Olympiad Women 2024"]
[Site "Budapest HUN"]
[Date "2024.09.15"]
[Round "5.23"]
[Board "1"]
[White "Tsolakidou, Stavroula"]
[Black "Corrales Jimenez, Zenia"]
[Result "1/2-1/2"]
[WhiteElo "2444"]
[BlackElo "2170"]
[PlyCount "129"]
[EventDate "2024.09.11"]
[WhiteTeam "Greece"]
[BlackTeam "Mexico"]
[WhiteTeamCountry "GRE"]
[BlackTeamCountry "MEX"]

1. d4 Nf6 2. c4 g6 3. h4 c6 4. Nc3 d5 5. cxd5 cxd5 6. Bf4 Nc6 7. e3 Bg7 8. Be2 h5 9. Nf3 Bg4 $146 ({RR} 9... O-O 10. Qb3 b6 11. Rc1 Bb7 12. O-O Ne4 13. Nxe4 dxe4 14. Ng5 Na5 15. Qa4 Rc8 16. Rxc8 Qxc8 17. b4 Nc6 18. Rc1 Qa8 19. Bb5 Nd8 20. Ba6 Bc6 21. b5 Bd7 22. Rc7 Bf5 23. Qc4 Ne6 24. Bb7 {½-½ Harsha,B (2509)-Rathanvel,V (2438) Mosonmagyarovar White Horse GM 2021 (7)}) ({RR} 9... O-O 10. Ng5 a6 11. O-O e6 12. Rc1 Re8 13. Na4 Bf8 14. Qb3 Bd6 15. Bxd6 Qxd6 16. Rfd1 Nd7 17. Qc3 Rb8 18. Rd2 Nb4 19. b3 Nc6 20. g3 Qa3 21. Qb2 Qd6 22. e4 f6 23. Nxe6 Rxe6 24. exd5 {0-1 Mendonca,L (2567)-Erdogmus,Y (2373) Novi Sad Serbia op-A 2022 (2)}) 10. Qb3 Na5 11. Qa4+ Bd7 12. Bb5 Nc4 13. Ne5 Nb6 14. Qb3 O-O 15. Nxd7 Nbxd7 16. Nxd5 Nxd5 17. Qxd5 Qa5+ 18. Ke2 e5 19. dxe5 Nxe5 20. Rhd1 Rad8 21. Qb3 Rxd1 22. Rxd1 Rd8 23. Qa4 Qb6 24. Rxd8+ Qxd8 25. Qxa7 Qd5 26. a4 Nc4 27. Bxc4 Qxc4+ 28. Kf3 Qc6+ 29. Kg3 Bxb2 30. Qb8+ Kh7 31. Qc7 Qd5 32. f3 Kg7 33. e4 Qd1 34. Be5+ Bxe5+ 35. Qxe5+ Kg8 36. Qe8+ Kg7 37. Qe5+ Kg8 38. Kh2 Qxa4 39. Qb8+ Kg7 40. Qxb7 Qd4 41. Qe7 Kg8 42. Qg5 Qd6+ 43. e5 Qd4 44. Kg3 Qc4 45. Qd8+ Kg7 46. Qf6+ Kg8 47. Qf4 Qd5 48. Qe3 Qc4 49. Qd2 Kg7 50. Qd6 Kg8 51. Qf6 Qd4 52. Qf4 Qd5 53. Kh2 Kg7 54. g4 hxg4 55. fxg4 Qa2+ 56. Kg3 Qe2 57. h5 Qe1+ 58. Kg2 Qe2+ 59. Kh3 gxh5 60. Qg5+ Kf8 61. gxh5 Qf3+ 62. Kh4 Qh1+ 63. Kg4 Qg2+ 64. Kf4 Qf2+ 65. Ke4 1/2-1/2

[Event "Olympiad Women 2024"]
[Site "Budapest HUN"]
[Date "2024.09.15"]
[Round "5.23"]
[Board "2"]
[White "Miranda Rodriguez, Tania"]
[Black "Avramidou, Anastasia"]
[Result "0-1"]
[WhiteElo "2090"]
[BlackElo "2290"]
[PlyCount "94"]
[EventDate "2024.09.11"]
[WhiteTeam "Mexico"]
[BlackTeam "Greece"]
[WhiteTeamCountry "MEX"]
[BlackTeamCountry "GRE"]

1. e4 c5 2. Nf3 d6 3. d4 cxd4 4. Nxd4 Nf6 5. Nc3 a6 6. Bg5 Nbd7 7. Bc4 Qb6 8. Bb3 e6 9. O-O Be7 10. Bxe6 fxe6 11. Nxe6 Kf7 12. Nd5 Nxd5 13. exd5 Nf6 14. Re1 Bxe6 15. Rxe6 Rhf8 $146 ({RR} 15... Rae8 16. Qe2 h6 17. Bh4 Qd4 18. Re1 Qxh4 19. Rxe7+ Rxe7 20. Qxe7+ Kg6 21. Qxd6 Qd4 22. Qg3+ Kh7 23. h3 Qxd5 24. Re7 Rg8 25. Kh2 b5 26. a3 Nh5 27. Qc7 Qc4 28. Qe5 Qf4+ 29. Qxf4 Nxf4 30. g3 {0-1 Grela,K (2274)-Pacan Milej,K (2127) Rubinstein Memorial 52nd 2016 (2)}) ({RR} 15... Rae8 16. Qe2 h6 17. Bxf6 Bxf6 18. Re1 Qd8 19. f4 Qc8 20. c4 Rxe6 21. dxe6+ Ke7 22. Kh1 Qc5 23. Qe4 Qc6 24. Qg6 Rf8 25. b3 Bc3 26. Re4 d5 27. cxd5 Qxd5 28. h3 Qf5 29. Qxf5 Rxf5 30. g4 {0-1 Zdrazil,J (1952)-Malik,J (2260) CZE-chT2F 1718 2017 (7.3)}) 16. Qe2 Bd8 17. Re1 Kg8 18. c4 Ng4 19. Bf4 Bh4 20. g3 Rxf4 21. Re8+ Rxe8 22. Qxe8+ Rf8 23. Qe6+ Kh8 24. Qf5 Qxf2+ 25. Qxf2 Nxf2 26. gxh4 Nd3 27. Re2 Kg8 28. b3 Kf7 29. Re6 Rd8 30. Re3 Ne5 31. c5 Kf6 32. Rc3 dxc5 33. Rxc5 Rd7 34. a4 Ke7 35. b4 Kd6 36. Rc3 Rc7 37. Rb3 Kxd5 38. b5 Rc1+ 39. Kg2 a5 40. b6 Rc2+ 41. Kg3 Nc6 42. Rf3 Re2 43. Rb3 Re4 44. Rb5+ Ke6 45. Rg5 Kf6 46. Rd5 Rd4 47. Rh5 h6 0-1

[Event "Olympiad Women 2024"]
[Site "Budapest HUN"]
[Date "2024.09.15"]
[Round "5.23"]
[Board "3"]
[White "Markantonaki, Haritomeni"]
[Black "Mendez Tovar, Yessica Yissel"]
[Result "1-0"]
[WhiteElo "2179"]
[BlackElo "2004"]
[PlyCount "83"]
[EventDate "2024.09.11"]
[WhiteTeam "Greece"]
[BlackTeam "Mexico"]
[WhiteTeamCountry "GRE"]
[BlackTeamCountry "MEX"]

1. e4 {Schulz,Andre} e5 2. Nf3 Nc6 3. Bb5 a6 4. Ba4 Nf6 5. O-O Be7 6. Re1 b5 7. Bb3 Bb7 8. d3 d6 9. a3 O-O 10. Nbd2 Qd7 11. Nf1 Nd8 12. Ng3 Ne6 13. c3 c5 14. d4 c4 $146 ({RR} 14... exd4 15. cxd4 c4 16. Bc2 d5 17. e5 Ne4 18. Qe2 f5 19. Rd1 a5 20. Ne1 b4 21. axb4 axb4 22. Rxa8 Bxa8 23. f3 Nxg3 24. hxg3 Qa7 25. Be3 b3 26. Bb1 Bc6 27. f4 Bd8 28. Nf3 Bb6 29. Qf2 {1-0 Karjakin,S (2762)-Kravtsiv,M (2621) Wch Blitz 9th 2015 (8)}) 15. Bc2 Qc7 16. Nf5 Rfe8 17. Nxe7+ Rxe7 18. d5 Nc5 19. Bg5 Ncd7 20. Nh4 Ree8 21. Qf3 h6 22. Bd2 Kh7 23. Nf5 Rg8 24. g4 g5 25. Qh3 Rg6 26. f3 Ng8 27. Kf2 Nc5 28. Rh1 Bc8 29. Rag1 Rb8 30. Qf1 Na4 31. Qc1 Nc5 32. h4 f6 33. hxg5 fxg5 34. Bxg5 Qa7 35. Be3 Bd7 36. g5 Rf8 37. gxh6 Bxf5 38. exf5 Rxh6 39. f6+ e4 40. Rg7+ Qxg7 41. fxg7 Rxf3+ 42. Kg2 1-0